Trh práce a sociálna ekonomika - špecifické otázky a problémy recenzovaný zborník vedeckých statí

Salvato in:
Dettagli Bibliografici
Ente Autore: Národohospodárska fakulta EU. Katedra sociálneho rozvoja a práce
Altri autori: Sika, Peter, 1975-, Igliarová, Božena, Klimko, Roman, 1985-
Natura: Libro
Lingua:slovacco
inglese
Pubblicazione: Bratislava Vydavateľstvo EKONÓM 2018
Edizione:1. vydanie
Soggetti:
Tags: Aggiungi Tag
Nessun Tag, puoi essere il primo ad aggiungerne!!

MARC

LEADER 00000nlm a2200000 4500
001 0246865
005 20240827081005.4
020 |a 978-80-225-4503-7 
041 0 |a slo 
041 0 |a eng 
044 |a SK 
245 1 0 |a Trh práce a sociálna ekonomika - špecifické otázky a problémy  |b recenzovaný zborník vedeckých statí  |c zostavil: Peter Sika ; recenzenti: Božena Igliarová, Roman Klimko 
250 |a 1. vydanie 
264 1 |a Bratislava  |b Vydavateľstvo EKONÓM  |c 2018 
300 |a CD-ROM [102 s.] [5 AH] 
610 2 0 |a ekonomika sociálna 
610 2 0 |a trh práce 
610 2 0 |a bývanie 
610 2 0 |a kvalita sociálna 
610 2 0 |a redukcia chudoby 
610 2 0 |a stavebníctvo 
610 2 0 |a samozamestnanosť 
610 2 0 |a zdroje ľudské 
610 2 0 |a Slovensko 
700 1 |a Sika, Peter, 1975- 
700 1 |a Igliarová, Božena 
700 1 |a Klimko, Roman, 1985- 
710 2 |a Národohospodárska fakulta EU. Katedra sociálneho rozvoja a práce